000 00621nam a2200217 i 4500
001 133631
003 ES-MaACL
005 20230906194458.0
007 t|
008 070822s1990 fr d |||| | fre d
020 _a2-03-740017-9
080 _a75(430)(038)
245 0 0 _aDictionnaire de la peinture allemande et d'Europe centrale.
260 _aParis :
_bLarousse,
_c[1990]
300 _a415 p. ;
_c22 cm.
490 1 _aEssentiels
650 4 _aPintura-
_vDiccionarios.
_9156793
830 0 _aEssentiels
_9185197
852 _aES-MaACL
_jE-12003
_z. - Biblioteca Jacinto Martínez Lacalle
999 _c133631
_d133631